Countries without 'COUNTRY' Quiz Stats

Quiz Updated Jun 28, 2017

Challenge
Share
Tweet
Embed
Score 0/8 Timer 06:00
19 Plays Today
Continent Country without 'Country' % Correct
OceaniaFiji
82.4%
AfricaMali
69.6%
North AmericaBelize
65.7%
North AmericaBahamas
59.5%
AfricaZimbabwe
58.4%
AfricaZambia
56.8%
AfricaMalawi
50.8%
AsiaMaldives
37.5%

You're not logged in!

Compare scores with friends on all Sporcle quizzes.
Join for Free
OR
Log In

You Might Also Like...

Show Comments

Extras

Top Quizzes Today


Score Distribution

Your Account Isn't Verified!

In order to create a playlist on Sporcle, you need to verify the email address you used during registration. Go to your Sporcle Settings to finish the process.

Report this User

Report this user for behavior that violates our Community Guidelines.

Details: